Legendary Pokemon Gen 1-4 - Statistics

General Stats
  • This quiz has been taken 232 times
  • The average score is 30 of 36
Answer Stats
Type Pokemon % Correct
Electric/Flying-Kanto Zapdos
99%
Ice/Flying-Kanto Articuno
98%
Psychic-Kanto Mew
98%
Fire/Flying-Kanto Moltres
98%
Psychic-Kanto Mewtwo
97%
Fire/Flying-Johto Ho-Oh
95%
Rock-Hoenn Regirock
95%
Fire-Johto Entei
94%
Psychic/Flying-Johto Lugia
94%
Ice-Hoenn Regice
94%
Steel-Hoenn Registeel
94%
Water-Johto Suicune
94%
Ground-Hoenn Groudon
92%
Water-Hoenn Kyogre
92%
Dragon/Flying-Hoenn Rayquaza
91%
Electric-Johto Raikou
90%
Dragon/Steel-Sinnoh Dialga
88%
Dragon/Water-Sinnoh Palkia
88%
Psychic/Grass-Johto Celebi
87%
Dragon/Psychic-Hoenn Latias
86%
Dragon/Psychic-Hoenn Latios
86%
Dragon/Ghost-Sinnoh Giratina
84%
Dark-Sinnoh Darkrai
82%
Any-Sinnoh Arceus
79%
Psychic-Sinnoh Uxie
78%
Psychic-Hoenn Deoxys
75%
Psychic-Sinnoh Mesprit
75%
Psychic-Sinnoh Azelf
74%
Steel/Psychic-Hoenn Jirachi
73%
Fire-Sinnoh Heatran
72%
Normal-Sinnoh Regigigas
70%
Psychic-Sinnoh Cresselia
68%
Water (Mythical) Manaphy
66%
Grass (Mythical) Shaymin
65%
Water (Mythical) Phione
62%
Ghost/Electric (Mythical) Rotom
58%
No matching quizzes found
Score Distribution
Percent of People with Each Score
Percentile by Number Answered
Your Score History
You have not taken this quiz